<?xml version="1.0" encoding="UTF-8"?>
<record
    xmlns:xsi="http://www.w3.org/2001/XMLSchema-instance"
    xsi:schemaLocation="http://www.loc.gov/MARC21/slim http://www.loc.gov/standards/marcxml/schema/MARC21slim.xsd"
    xmlns="http://www.loc.gov/MARC21/slim">

  <leader>02580nam0a2200481   4500</leader>
  <controlfield tag="001">RU\NLR\bibl\1448486</controlfield>
  <controlfield tag="005">20260409071423.0</controlfield>
  <datafield tag="010" ind1=" " ind2=" ">
    <subfield code="a">978-5-91299-058-8</subfield>
    <subfield code="9">500</subfield>
  </datafield>
  <datafield tag="021" ind1=" " ind2=" ">
    <subfield code="a">RU</subfield>
    <subfield code="b">2009-84238</subfield>
    <subfield code="9">5296</subfield>
  </datafield>
  <datafield tag="035" ind1=" " ind2=" ">
    <subfield code="a">(nilc)RSL-KNO-004400256</subfield>
  </datafield>
  <datafield tag="035" ind1=" " ind2=" ">
    <subfield code="a">(NLR Aleph) 001440314</subfield>
  </datafield>
  <datafield tag="090" ind1=" " ind2=" ">
    <subfield code="a">1458744</subfield>
    <subfield code="c">1458744</subfield>
  </datafield>
  <datafield tag="100" ind1=" " ind2=" ">
    <subfield code="a">20091021d2009    |||y0rusy50      ca</subfield>
  </datafield>
  <datafield tag="101" ind1="1" ind2=" ">
    <subfield code="a">rus</subfield>
    <subfield code="a">ara</subfield>
    <subfield code="c">ara</subfield>
  </datafield>
  <datafield tag="102" ind1=" " ind2=" ">
    <subfield code="a">RU</subfield>
  </datafield>
  <datafield tag="105" ind1=" " ind2=" ">
    <subfield code="a">y   zzzz|||||</subfield>
  </datafield>
  <datafield tag="200" ind1="1" ind2=" ">
    <subfield code="a">&#x416;&#x438;&#x437;&#x43D;&#x435;&#x43E;&#x43F;&#x438;&#x441;&#x430;&#x43D;&#x438;&#x435; &#x41F;&#x440;&#x43E;&#x440;&#x43E;&#x43A;&#x430;</subfield>
    <subfield code="i">[&#x413;&#x43B;&#x430;&#x432;&#x430;] &#x412;&#x435;&#x43B;&#x438;&#x43A;&#x430;&#x44F; &#x431;&#x438;&#x442;&#x432;&#x430; &#x43F;&#x440;&#x438; &#x411;&#x430;&#x434;&#x440;&#x435;</subfield>
    <subfield code="f">&#x418;&#x431;&#x43D; &#x418;&#x441;&#x445;&#x430;&#x43A; - &#x418;&#x431;&#x43D; &#x425;&#x438;&#x448;&#x430;&#x43C;</subfield>
    <subfield code="g">[&#x43F;&#x435;&#x440;. &#x441; &#x430;&#x440;&#x430;&#x431;. &#x438; &#x43A;&#x43E;&#x43C;&#x43C;&#x435;&#x43D;&#x442;. &#x410;. &#x411;. &#x41A;&#x443;&#x434;&#x435;&#x43B;&#x438;&#x43D;&#x430; &#x438; &#x414;. &#x412;. &#x424;&#x440;&#x43E;&#x43B;&#x43E;&#x432;&#x430;</subfield>
    <subfield code="g">&#x43F;&#x43E;&#x434;&#x433;&#x43E;&#x442;. &#x430;&#x440;&#x430;&#x431;. &#x442;&#x435;&#x43A;&#x441;&#x442;&#x430; &#x438; &#x43A;&#x43E;&#x43C;&#x43C;&#x435;&#x43D;&#x442;. &#x41C;.&#x421;. &#x41D;&#x430;&#x43B;&#x438;&#x447;]</subfield>
    <subfield code="g">&#x41C;&#x413;&#x423; &#x438;&#x43C;. &#x41C;.&#x412;. &#x41B;&#x43E;&#x43C;&#x43E;&#x43D;&#x43E;&#x441;&#x43E;&#x432;&#x430; [&#x438; &#x434;&#x440;.]</subfield>
  </datafield>
  <datafield tag="210" ind1=" " ind2=" ">
    <subfield code="a">&#x41C;&#x43E;&#x441;&#x43A;&#x432;&#x430;</subfield>
    <subfield code="c">&#x420;&#x443;&#x441;&#x441;&#x43A;&#x438;&#x439; &#x441;&#x443;&#x432;&#x435;&#x43D;&#x438;&#x440;</subfield>
    <subfield code="c">&#x418;&#x43D;&#x441;&#x442;&#x438;&#x442;&#x443;&#x442; &#x415;&#x432;&#x440;&#x43E;&#x43F;&#x44B;</subfield>
    <subfield code="c">&#x420;&#x443;&#x441;&#x441;&#x43A;&#x438;&#x439; &#x441;&#x443;&#x432;&#x435;&#x43D;&#x438;&#x440;</subfield>
    <subfield code="d">2009</subfield>
  </datafield>
  <datafield tag="215" ind1=" " ind2=" ">
    <subfield code="a">245, 118 &#x441;. &#x432;&#x441;&#x442;&#x440;&#x435;&#x447;. &#x43F;&#x430;&#x433;.</subfield>
    <subfield code="d">20</subfield>
  </datafield>
  <datafield tag="300" ind1=" " ind2=" ">
    <subfield code="a">&#x412; &#x43D;&#x430;&#x434;&#x437;&#x430;&#x433;. &#x442;&#x430;&#x43A;&#x436;&#x435;: &#x418;&#x43D;-&#x442; &#x441;&#x442;&#x440;&#x430;&#x43D; &#x410;&#x437;&#x438;&#x438; &#x438; &#x410;&#x444;&#x440;&#x438;&#x43A;&#x438;, &#x423;&#x447;&#x440;&#x435;&#x436;&#x434;&#x435;&#x43D;&#x438;&#x435; &#x420;&#x43E;&#x441;. &#x430;&#x43A;&#x430;&#x434;. &#x43D;&#x430;&#x443;&#x43A; &#x418;&#x43D;-&#x442; &#x43C;&#x438;&#x440;&#x43E;&#x432;&#x43E;&#x439; &#x43B;&#x438;&#x442;. &#x438;&#x43C; &#x410;.&#x41C;. &#x413;&#x43E;&#x440;&#x44C;&#x43A;&#x43E;&#x433;&#x43E;, &#x414;&#x443;&#x445;&#x43E;&#x432;&#x43D;&#x43E;&#x435; &#x443;&#x43F;&#x440;. &#x43C;&#x443;&#x441;&#x443;&#x43B;&#x44C;&#x43C;&#x430;&#x43D; &#x435;&#x432;&#x440;&#x43E;&#x43F;. &#x447;&#x430;&#x441;&#x442;&#x438; &#x420;&#x43E;&#x441;&#x441;&#x438;&#x438;</subfield>
  </datafield>
  <datafield tag="300" ind1=" " ind2=" ">
    <subfield code="a">&#x422;&#x435;&#x43A;&#x441;&#x442; 2-&#x433;&#x43E; &#x43F;&#x440;&#x43E;&#x438;&#x437;&#x432;&#x435;&#x434;&#x435;&#x43D;&#x438;&#x44F; &#x43D;&#x430; &#x430;&#x440;&#x430;&#x431;. &#x44F;&#x437;.</subfield>
  </datafield>
  <datafield tag="309" ind1=" " ind2=" ">
    <subfield code="a">&#x41A;&#x43D;&#x438;&#x433;&#x430;-&#x43F;&#x435;&#x440;&#x435;&#x432;&#x435;&#x440;&#x442;&#x44B;&#x448;</subfield>
  </datafield>
  <datafield tag="320" ind1=" " ind2=" ">
    <subfield code="a">&#x411;&#x438;&#x431;&#x43B;&#x438;&#x43E;&#x433;&#x440;. &#x432; &#x43F;&#x43E;&#x434;&#x441;&#x442;&#x440;&#x43E;&#x447;. &#x43F;&#x440;&#x438;&#x43C;&#x435;&#x447;.</subfield>
  </datafield>
  <datafield tag="517" ind1="0" ind2=" ">
    <subfield code="a">&#x412;&#x435;&#x43B;&#x438;&#x43A;&#x430;&#x44F; &#x431;&#x438;&#x442;&#x432;&#x430; &#x43F;&#x440;&#x438; &#x411;&#x430;&#x434;&#x440;&#x435;</subfield>
  </datafield>
  <datafield tag="600" ind1=" " ind2="0">
    <subfield code="a">&#x41C;&#x443;&#x445;&#x430;&#x43C;&#x43C;&#x435;&#x434;</subfield>
    <subfield code="c">&#x43F;&#x440;&#x43E;&#x440;&#x43E;&#x43A;</subfield>
    <subfield code="f">&#x43E;&#x43A;. 570 - 632</subfield>
    <subfield code="3">RU\NLR\auth\66677386</subfield>
    <subfield code="9">1551097</subfield>
  </datafield>
  <datafield tag="686" ind1=" " ind2=" ">
    <subfield code="a">&#x42D;38-34-028.1&#x41C;&#x443;&#x445;&#x430;&#x43C;&#x43C;&#x435;&#x434;,12</subfield>
    <subfield code="2">rubbk</subfield>
  </datafield>
  <datafield tag="686" ind1=" " ind2=" ">
    <subfield code="a">&#x42D;38-34-028.1</subfield>
  </datafield>
  <datafield tag="700" ind1=" " ind2="0">
    <subfield code="4">070</subfield>
    <subfield code="8">rus</subfield>
    <subfield code="7">ca</subfield>
    <subfield code="a">&#x418;&#x431;&#x43D; &#x418;&#x441;&#x445;&#x430;&#x43A;</subfield>
    <subfield code="f">704-768</subfield>
    <subfield code="3">RU\NLR\AUTH\7714957</subfield>
    <subfield code="9">124619</subfield>
  </datafield>
  <datafield tag="701" ind1=" " ind2="0">
    <subfield code="4">070</subfield>
    <subfield code="8">rus</subfield>
    <subfield code="7">ca</subfield>
    <subfield code="a">&#x418;&#x431;&#x43D; &#x425;&#x438;&#x448;&#x430;&#x43C;</subfield>
    <subfield code="f">-828</subfield>
    <subfield code="3">RU\NLR\auth\7714962</subfield>
    <subfield code="9">124624</subfield>
  </datafield>
  <datafield tag="702" ind1=" " ind2="1">
    <subfield code="4">730</subfield>
    <subfield code="7">ca</subfield>
    <subfield code="8">rus</subfield>
    <subfield code="a">&#x41A;&#x443;&#x434;&#x435;&#x43B;&#x438;&#x43D;</subfield>
    <subfield code="b">&#x410;. &#x411;.</subfield>
    <subfield code="f">1944-</subfield>
    <subfield code="g">&#x410;&#x43B;&#x435;&#x43A;&#x441;&#x430;&#x43D;&#x434;&#x440; &#x411;&#x43E;&#x440;&#x438;&#x441;&#x43E;&#x432;&#x438;&#x447;</subfield>
    <subfield code="9">252012</subfield>
    <subfield code="3">RU\NLR\AUTH\770252068</subfield>
  </datafield>
  <datafield tag="702" ind1=" " ind2="1">
    <subfield code="a">&#x41D;&#x430;&#x43B;&#x438;&#x447;</subfield>
    <subfield code="b">&#x41C;. &#x421;.</subfield>
    <subfield code="4">220</subfield>
  </datafield>
  <datafield tag="702" ind1=" " ind2="0">
    <subfield code="4">570</subfield>
    <subfield code="8">rus</subfield>
    <subfield code="7">ca</subfield>
    <subfield code="a">&#x41C;&#x443;&#x445;&#x430;&#x43C;&#x43C;&#x435;&#x434;</subfield>
    <subfield code="c">&#x43F;&#x440;&#x43E;&#x440;&#x43E;&#x43A;</subfield>
    <subfield code="f">&#x43E;&#x43A;.570-632</subfield>
    <subfield code="3">RU\NLR\AUTH\779947</subfield>
    <subfield code="9">119736</subfield>
  </datafield>
  <datafield tag="712" ind1="0" ind2="2">
    <subfield code="4">570</subfield>
    <subfield code="a">&#x418;&#x43D;&#x441;&#x442;&#x438;&#x442;&#x443;&#x442; &#x441;&#x442;&#x440;&#x430;&#x43D; &#x410;&#x437;&#x438;&#x438; &#x438; &#x410;&#x444;&#x440;&#x438;&#x43A;&#x438;</subfield>
    <subfield code="c">&#x41C;&#x43E;&#x441;&#x43A;&#x432;&#x430;</subfield>
    <subfield code="3">RU\NLR\AUTH\8810002609</subfield>
    <subfield code="9">502441</subfield>
  </datafield>
  <datafield tag="801" ind1=" " ind2="0">
    <subfield code="a">RU</subfield>
    <subfield code="b">&#x420;&#x41A;&#x41F;</subfield>
    <subfield code="c">20091021</subfield>
    <subfield code="g">rcr</subfield>
  </datafield>
  <datafield tag="801" ind1=" " ind2="1">
    <subfield code="a">RU</subfield>
    <subfield code="b">&#x420;&#x413;&#x411;</subfield>
    <subfield code="c">20091021</subfield>
  </datafield>
  <datafield tag="801" ind1=" " ind2="2">
    <subfield code="a">RU</subfield>
    <subfield code="b">NLR</subfield>
    <subfield code="c">20091207</subfield>
    <subfield code="g">rcr</subfield>
  </datafield>
  <datafield tag="852" ind1=" " ind2=" ">
    <subfield code="a">NLR</subfield>
    <subfield code="b">&#x41E;&#x41B;&#x421;&#x410;&#x410;-&#x430;&#x440;&#x430;&#x431;</subfield>
    <subfield code="j">3-5449</subfield>
  </datafield>
  <datafield tag="942" ind1=" " ind2=" ">
    <subfield code="c">BOOK</subfield>
  </datafield>
  <datafield tag="980" ind1=" " ind2=" ">
    <subfield code="a">NB</subfield>
  </datafield>
  <datafield tag="980" ind1="1" ind2=" ">
    <subfield code="a">ARAB</subfield>
  </datafield>
  <datafield tag="995" ind1=" " ind2=" ">
    <subfield code="5">2009-12-07</subfield>
    <subfield code="a">ad</subfield>
    <subfield code="b">NLR01</subfield>
    <subfield code="c">NLR01</subfield>
    <subfield code="e">OLS05</subfield>
    <subfield code="f">3058095</subfield>
    <subfield code="k">&#x41E;&#x41B;&#x421;&#x410;&#x410;</subfield>
    <subfield code="o">0</subfield>
    <subfield code="r">BOOK</subfield>
    <subfield code="s">_</subfield>
  </datafield>
  <datafield tag="995" ind1=" " ind2=" ">
    <subfield code="5">2009-12-07</subfield>
    <subfield code="a">ad</subfield>
    <subfield code="b">NLR01</subfield>
    <subfield code="c">NLR01</subfield>
    <subfield code="e">OLCAA</subfield>
    <subfield code="f">3058096</subfield>
    <subfield code="k">&#x41E;&#x41B;&#x421;&#x410;&#x410;-&#x430;&#x440;&#x430;&#x431; 3-5449</subfield>
    <subfield code="o">0</subfield>
    <subfield code="r">BOOK</subfield>
    <subfield code="s">_35449</subfield>
  </datafield>
</record>
